| 000 | 00735cab a2200229 4500 | ||
|---|---|---|---|
| 001 | WB2904-73 | ||
| 008 | 090401t1993 xxu||||| |||| 00| 0 eng d | ||
| 035 | _a(Sirsi) u38641 | ||
| 041 | _aeng | ||
| 245 | _aNew association | ||
| 260 | _c1993 | ||
| 350 | _a0 | ||
| 490 |
_aEstates Gazette _v(9303) 25 January 1993, 35(1) |
||
| 520 | _aSurveyors specialising in restaurant valuations and agency have formed a new group, the Restaurant Property Advisers Association. | ||
| 650 | _aPROFESSIONAL BODIES | ||
| 650 | _aRESTAURANT PROPERTY ADVISERS ASSOCIATION | ||
| 650 | _aRESTAURANTS | ||
| 690 | _aLEISURE AND RECREATION | ||
| 690 | _aMANAGEMENT-BUSINESS MANAGEMENT-PROFESSIONAL PRACTICE | ||
| 942 | _n0 | ||
| 948 | _c04/03/1997 | ||
| 999 |
_c24828 _d24828 |
||